[Event "1st Novi Sad it"]
[Site "Novi Sad"]
[Date "1972.10.30"]
[EventDate "1972.10.23"]
[Round "7.7"]
[White "Radulov, Ivan"]
[Black "Rossolimo, Nicolas"]
[Result "1-0"]
[WhiteElo "2490"]
[BlackElo "2450"]
[PlyCount "75"]
[Source "Perpetual Check"]

1. e4 c5 2. Nf3 Nc6 3. d4 cxd4 4. Nxd4 Nf6 5. Nc3 e6 6. Ndb5 Bb4 7. a3 Bxc3+ 8.
Nxc3 d5 9. exd5 exd5 10. Bg5 d4 11. Qe2+ Be6 12. O-O-O h6 13. Bh4 Qc7 14. Bxf6
Qf4+ 15. Kb1 Qxf6 16. Nd5 Qd8 17. Nf4 Qf6 18. Nxe6 fxe6 19. Qh5+ g6 20. Qg4
O-O-O 21. Bc4 Rd6 22. Rhe1 Ne5 23. Qe2 Nxc4 24. Qxc4+ Kb8 25. Re2 e5 26. Rde1
Re8 27. f3 Rb6 28. Qd3 Ree6 29. Re4 a6 30. Qe2 Qe7 31. Kc1 Rb5 32. f4 Qf7 33.
fxe5 Reb6 34. e6 Qe7 35. b4 d3 36. Qxd3 Rd6 37. Qxd6+ Qxd6 38. e7 1-0

[Event "1st Novi Sad it"]
[Site "Novi Sad"]
[Date "1972.10.30"]
[EventDate "1972.10.23"]
[Round "7.8"]
[White "Masic, Ljubomir"]
[Black "Deze, Anton"]
[Result "1-0"]
[WhiteElo "2390"]
[BlackElo "2395"]
[PlyCount "81"]
[Source "Perpetual Check"]

1. c4 c5 2. Nc3 g6 3. Nf3 Bg7 4. g3 Nc6 5. Bg2 e5 6. O-O Nge7 7. Ne1 d6 8. Nc2
Be6 9. Ne3 O-O 10. d3 Qd7 11. Ned5 f5 12. Rb1 Kh8 13. Bd2 Rae8 14. a3 Nd8 15.
f4 Nxd5 16. cxd5 Bg8 17. a4 b6 18. e4 exf4 19. gxf4 Nf7 20. Qb3 Nh6 21. h3 Qe7
22. Rbe1 fxe4 23. dxe4 Bd4+ 24. Kh1 g5 25. fxg5 Nf7 26. h4 Ne5 27. Nd1 Bf7 28.
Ne3 Bxe3 29. Qxe3 Bh5 30. Bc3 Bg4 31. Rf4 Bd7 32. Ref1 Kg8 33. b3 Rxf4 34. Qxf4
Rf8 35. Qg3 c4 36. bxc4 Rxf1+ 37. Bxf1 Bxa4 38. Kg1 Bc2 39. Bh3 Bxe4 40. Be6+
Kf8 41. Qf4+ 1-0

[Event "1st Novi Sad it"]
[Site "Novi Sad"]
[Date "1972.10.31"]
[EventDate "1972.10.23"]
[Round "8.1"]
[White "Lein, Anatoly"]
[Black "Deze, Anton"]
[Result "1-0"]
[WhiteElo "2530"]
[BlackElo "2395"]
[PlyCount "80"]
[Source "Perpetual Check"]

1. e4 c5 2. Nf3 Nc6 3. d4 cxd4 4. Nxd4 g6 5. Nc3 Bg7 6. Be3 Nf6 7. Bc4 d6 8. f3
Qb6 9. Nf5 Qxb2 10. Nxg7+ Kf8 11. Nd5 Nxd5 12. Bxd5 Kxg7 13. O-O Qc3 14. Re1 f6
15. Rb1 Qa5 16. Qc1 h5 17. f4 Qc7 18. Qb2 Rf8 19. Rf1 b6 20. Qc3 Bd7 21. f5
Rac8 22. Qd2 Rh8 23. c4 Ne5 24. Rbc1 h4 25. Qc2 b5 26. Qe2 bxc4 27. Bd4 Qa5 28.
Rc3 g5 29. h3 Rc7 30. Kh2 Be8 31. Rfc1 Bh5 32. Qe3 Qxa2 33. Bxe5 dxe5 34. Rxc4
Rxc4 35. Rxc4 Qa5 36. Qc1 Rd8 37. Rc7 Kf8 38. Bb3 Qb4 39. Rc8 Re8 40. Rxe8+
{time} 1-0

[Event "1st Novi Sad it"]
[Site "Novi Sad"]
[Date "1972.10.31"]
[EventDate "1972.10.23"]
[Round "8.2"]
[White "Rossolimo, Nicolas"]
[Black "Masic, Ljubomir"]
[Result "1/2-1/2"]
[WhiteElo "2450"]
[BlackElo "2390"]
[PlyCount "45"]
[Source "Perpetual Check"]

1. e4 c5 2. Nf3 e6 3. b3 Nf6 4. e5 Nd5 5. Bb2 Be7 6. c4 Nf4 7. d4 cxd4 8. Qxd4
Ng6 9. Nc3 Nc6 10. Qe3 Qa5 11. O-O-O O-O 12. Kb1 Ncxe5 13. Nxe5 Nxe5 14. Nd5
Ng6 15. h4 Bc5 16. Qg3 exd5 17. h5 d6 18. hxg6 fxg6 19. f3 Bf5+ 20. Bd3 Rae8
21. Bxf5 Rxf5 22. Qh3 h6 23. Qg4 1/2-1/2

[Event "1st Novi Sad it"]
[Site "Novi Sad"]
[Date "1972.10.31"]
[EventDate "1972.10.23"]
[Round "8.3"]
[White "Lengyel, Levente"]
[Black "Radulov, Ivan"]
[Result "1-0"]
[WhiteElo "2455"]
[BlackElo "2490"]
[PlyCount "77"]
[Source "Perpetual Check"]

1. c4 Nf6 2. Nf3 e6 3. Nc3 d5 4. d4 dxc4 5. e4 c5 6. Bxc4 cxd4 7. Nxd4 a6 8. e5
Qc7 9. Qe2 Nfd7 10. Bf4 Bc5 11. Nf3 Nc6 12. Rd1 b5 13. Bb3 O-O 14. Bg3 Bb7 15.
O-O Be7 16. Nd5 Qc8 17. Nxe7+ Nxe7 18. Rc1 Qb8 19. Ng5 Bd5 20. Bxd5 Nxd5 21.
Qd3 g6 22. Ne4 Qb6 23. Qd2 Kg7 24. Nf6 N7xf6 25. exf6+ Kxf6 26. Qh6 Ke7 27.
Bh4+ Kd7 28. Rfd1 Rac8 29. Rxc8 Rxc8 30. Qxh7 Rf8 31. Bg5 Qc5 32. Qg7 Qb4 33.
Bh6 Re8 34. Qxf7+ Re7 35. Qxg6 Qxb2 36. h4 Qxa2 37. Bg5 Qa4 38. Rc1 Nf4 39. Qf6
1-0

[Event "1st Novi Sad it"]
[Site "Novi Sad"]
[Date "1972.10.31"]
[EventDate "1972.10.23"]
[Round "8.4"]
[White "Benko, Pal"]
[Black "Minev, Nikolai"]
[Result "1/2-1/2"]
[WhiteElo "2515"]
[BlackElo "2430"]
[PlyCount "55"]
[Source "Perpetual Check"]

1. e4 c5 2. Nf3 Nc6 3. Bb5 g6 4. O-O Bg7 5. Re1 Nf6 6. c3 O-O 7. h3 d5 8. e5
Ne8 9. d4 cxd4 10. cxd4 Nc7 11. Bxc6 bxc6 12. Nc3 Ne6 13. Na4 f5 14. Bd2 f4 15.
Rc1 Bd7 16. Nc5 Nxc5 17. Rxc5 e6 18. Qc1 Bh6 19. Ba5 Qe8 20. Bc7 g5 21. Bd6 Rf5
22. Qd1 Bg7 23. Nh2 h5 24. f3 Bf8 25. Bxf8 Rxf8 26. Qd2 Qg6 27. Rec1 Rab8 28.
b4 1/2-1/2

[Event "1st Novi Sad it"]
[Site "Novi Sad"]
[Date "1972.10.31"]
[EventDate "1972.10.23"]
[Round "8.5"]
[White "Rakic, Tomislav"]
[Black "Ivkov, Borislav"]
[Result "1/2-1/2"]
[WhiteElo "2440"]
[BlackElo "2520"]
[PlyCount "28"]
[Source "Perpetual Check"]

1. e4 e6 2. d4 d5 3. Nc3 Bb4 4. e5 c5 5. a3 Bxc3+ 6. bxc3 Ne7 7. a4 Nbc6 8. Nf3
Qa5 9. Bd2 Bd7 10. g3 O-O 11. Bh3 Qa6 12. Bf1 Qa5 13. Bh3 Qa6 14. Bf1 Qa5
1/2-1/2

[Event "1st Novi Sad it"]
[Site "Novi Sad"]
[Date "1972.10.31"]
[EventDate "1972.10.23"]
[Round "8.7"]
[White "Planinc, Albin"]
[Black "Maric, Rudolf"]
[Result "0-1"]
[WhiteElo "2520"]
[BlackElo "2425"]
[PlyCount "150"]
[Source "Perpetual Check"]

1. b3 Nf6 2. Bb2 d5 3. e3 g6 4. c4 c6 5. Nf3 Bg7 6. Be2 O-O 7. O-O Nbd7 8. Qc2
Re8 9. Nc3 dxc4 10. bxc4 Nc5 11. Rad1 Qa5 12. d3 e5 13. Nd2 Bf5 14. Nb3 Nxb3
15. axb3 Rad8 16. Ra1 Qb6 17. Na4 Qc7 18. b4 a5 19. bxa5 Qxa5 20. Bc3 Qc7 21.
Rfb1 Ra8 22. e4 Bc8 23. c5 Nd7 24. Bd1 Nf8 25. Ra2 Ne6 26. Rab2 Ra7 27. Rb4 Qe7
28. Bd2 Rd8 29. Be3 f5 30. f3 Nf4 31. d4 fxe4 32. dxe5 Nd5 33. Rxe4 Bf5 34. Qc4
Kh8 35. Bd4 Bxe4 36. fxe4 Nf4 37. g3 Ne6 38. Bc3 Re8 39. Bb3 Qg5 40. Rf1 Bxe5
41. Kg2 Raa8 42. Nb6 Rad8 43. Rf7 Bxc3 44. Qxc3+ Rd4 45. Rd7 Qxc5 46. Qxc5 Nxc5
47. Rxd4 Nxb3 48. Rd7 Nc5 49. Rc7 Rxe4 50. Nc8 Rd4 51. Kf3 Rd3+ 52. Kf4 Rd4+
53. Ke5 Rd5+ 54. Kf6 Rf5+ 55. Ke7 Kg8 56. Kd6 Ne4+ 57. Ke6 Kf8 58. Nb6 Ng5+ 59.
Kd6 Rf6+ 60. Kd7 Rf7+ 61. Kc8 Rxc7+ 62. Kxc7 Nf3 63. h3 Ke7 64. Kxb7 Ne5 65.
Kc7 Ke6 66. Na4 Kd5 67. Kd8 Ke4 68. Ke7 Kf3 69. Kf6 Nd7+ 70. Kg7 Kxg3 71. Kxh7
Ne5 72. Kg7 g5 73. Kf6 Nf3 74. Nc5 Kxh3 75. Ne4 g4 0-1

[Event "1st Novi Sad it"]
[Site "Novi Sad"]
[Date "1972.11.01"]
[EventDate "1972.10.23"]
[Round "9.1"]
[White "Byrne, Donald"]
[Black "Lein, Anatoly"]
[Result "1/2-1/2"]
[WhiteElo "2470"]
[BlackElo "2530"]
[PlyCount "70"]
[Source "Perpetual Check"]

1. g3 d5 2. Nf3 c6 3. Bg2 Bg4 4. b3 Nf6 5. Bb2 e6 6. O-O Be7 7. c4 O-O 8. d3
Nbd7 9. Nc3 Re8 10. Rc1 a5 11. cxd5 exd5 12. h3 Bxf3 13. Bxf3 Nc5 14. Bg2 Qb6
15. Ba3 Ne6 16. Bxe7 Rxe7 17. e3 Qa7 18. d4 Rae8 19. a3 Ng5 20. b4 axb4 21.
axb4 Qb8 22. b5 Qd6 23. bxc6 bxc6 24. h4 Nge4 25. Nxe4 Nxe4 26. Qa4 Re6 27. Rc2
Nxg3 28. fxg3 Qxg3 29. Rxc6 Qxe3+ 30. Kh2 Re4 31. Bxe4 Qxe4 32. Rc2 Qxh4+ 33.
Kg1 Qg3+ 34. Rg2 Qe3+ 35. Rff2 Qe1+ 1/2-1/2

[Event "1st Novi Sad it"]
[Site "Novi Sad"]
[Date "1972.11.01"]
[EventDate "1972.10.23"]
[Round "9.5"]
[White "Minev, Nikolai"]
[Black "Rakic, Tomislav"]
[Result "1-0"]
[WhiteElo "2430"]
[BlackElo "2440"]
[PlyCount "95"]
[Source "Perpetual Check"]

1. e4 g6 2. d4 Bg7 3. Nf3 d6 4. c3 Nf6 5. Nbd2 O-O 6. Bc4 c6 7. O-O Na6 8. Qe2
b5 9. Bb3 Nc7 10. a4 a6 11. Re1 Be6 12. Bc2 h6 13. Bd3 Nh5 14. Nf1 Bg4 15. h3
Bxf3 16. Qxf3 e5 17. dxe5 dxe5 18. Rd1 Qe7 19. g3 Ne6 20. h4 Nf6 21. Bc2 h5 22.
b3 b4 23. Bb2 bxc3 24. Bxc3 Nd4 25. Bxd4 exd4 26. Bd3 Ng4 27. Qe2 Rab8 28. Rab1
a5 29. Nd2 Bh6 30. Nc4 Qc5 31. f4 Rfd8 32. Rdc1 Qa7 33. e5 Bf8 34. Qe4 Rd5 35.
f5 Re8 36. fxg6 Nxe5 37. gxf7+ Qxf7 38. Nxe5 Rexe5 39. Qg2 Re3 40. Rf1 Qg7 41.
Rf3 Rxf3 42. Qxf3 Re5 43. Rf1 Bd6 44. Kg2 Kh8 45. Rf2 Qe7 46. Bc4 Rc5 47. Qd3
Be5 48. Rf7 1-0

[Event "1st Novi Sad it"]
[Site "Novi Sad"]
[Date "1972.11.01"]
[EventDate "1972.10.23"]
[Round "9.6"]
[White "Radulov, Ivan"]
[Black "Benko, Pal"]
[Result "0-1"]
[WhiteElo "2490"]
[BlackElo "2515"]
[PlyCount "106"]
[Source "Perpetual Check"]

1. e4 d6 2. d4 Nf6 3. Nc3 g6 4. f4 Bg7 5. Nf3 c5 6. dxc5 Qa5 7. Qd3 Qxc5 8. Be3
Qa5 9. Qb5+ Qxb5 10. Bxb5+ Nc6 11. h3 a6 12. Be2 O-O 13. O-O-O Nh5 14. Nd5 Ng3
15. Rhe1 Nxe4 16. Bd3 Nf6 17. Nb6 Rb8 18. Nd4 Nd7 19. Nxc8 Rbxc8 20. Nxc6 Rxc6
21. Be4 Rc7 22. Rd3 Rfc8 23. Rb3 b5 24. Ra3 e6 25. Rxa6 d5 26. Bd3 d4 27. Bd2
Nc5 28. Ra3 Nxd3+ 29. Rxd3 Rxc2+ 30. Kb1 R2c5 31. g3 h5 32. Rd1 Rd5 33. Ba5 Rc6
34. a3 g5 35. Rf3 gxf4 36. Rxf4 Rg5 37. Rf3 e5 38. Rdf1 e4 39. Rxf7 Rxg3 40.
Re7 e3 41. Be1 Rgg6 42. Rf5 Rce6 43. Rxe6 Rxe6 44. Rxb5 d3 45. Rd5 d2 46. Bxd2
exd2 47. Rxd2 Re3 48. a4 Kh7 49. Ka2 Rxh3 50. a5 Rh4 51. Kb3 Rd4 52. Re2 h4 53.
a6 Kg6 0-1

[Event "1st Novi Sad it"]
[Site "Novi Sad"]
[Date "1972.11.01"]
[EventDate "1972.10.23"]
[Round "9.7"]
[White "Masic, Ljubomir"]
[Black "Lengyel, Levente"]
[Result "1/2-1/2"]
[WhiteElo "2390"]
[BlackElo "2455"]
[PlyCount "23"]
[Source "Perpetual Check"]

1. e4 e5 2. Nf3 Nc6 3. Bb5 a6 4. Bxc6 dxc6 5. O-O f6 6. d4 Bg4 7. dxe5 Qxd1 8.
Rxd1 fxe5 9. Rd3 Bd6 10. Nbd2 Nf6 11. Nc4 Nxe4 12. Nfxe5 1/2-1/2

[Event "1st Novi Sad it"]
[Site "Novi Sad"]
[Date "1972.11.01"]
[EventDate "1972.10.23"]
[Round "9.8"]
[White "Deze, Anton"]
[Black "Rossolimo, Nicolas"]
[Result "0-1"]
[WhiteElo "2395"]
[BlackElo "2450"]
[PlyCount "106"]
[Source "Perpetual Check"]

1. d4 Nf6 2. c4 e6 3. Nc3 Bb4 4. a3 Bxc3+ 5. bxc3 c5 6. f3 Nc6 7. e4 e5 8. d5
Ne7 9. Bd3 Ng6 10. Ne2 d6 11. O-O Nh5 12. g3 Bh3 13. Rf2 Nf6 14. Rb1 Qd7 15.
Kh1 Qc7 16. g4 h5 17. g5 Ng8 18. f4 exf4 19. Nxf4 Bg4 20. Qb3 Ne5 21. g6 fxg6
22. Bf1 Nf6 23. Bg2 b6 24. h3 Bd7 25. Qd1 O-O 26. Nd3 Rae8 27. Nxe5 Rxe5 28.
Qd3 g5 29. Bd2 Rfe8 30. Rg1 Qd8 31. Qg3 h4 32. Qd3 Nh5 33. Bf3 Ng3+ 34. Kh2 Rf8
35. Rfg2 Qf6 36. Rxg3 hxg3+ 37. Rxg3 Be8 38. Bg2 Bg6 39. Rg4 Rfe8 40. Qg3 Bxe4
41. Bxg5 Rxg5 42. Rxg5 Bxg2 43. Rg6 Qf1 44. Rxg7+ Kh8 45. Qxg2 Qf4+ 46. Rg3 Re3
47. h4 Rxc3 48. Qh3 Rc2+ 49. Kh1 Qe4+ 50. Rf3 Rf2 51. Qc8+ Kh7 52. Qd7+ Kh6 53.
Qxd6+ Kh5 0-1

[Event "1st Novi Sad it"]
[Site "Novi Sad"]
[Date "1972.11.02"]
[EventDate "1972.10.23"]
[Round "10.1"]
[White "Lein, Anatoly"]
[Black "Rossolimo, Nicolas"]
[Result "1-0"]
[WhiteElo "2530"]
[BlackElo "2450"]
[PlyCount "59"]
[Source "Perpetual Check"]

1. c4 g6 2. d4 Bg7 3. Nc3 d6 4. Nf3 Nf6 5. e4 O-O 6. Be2 e5 7. O-O exd4 8. Nxd4
Re8 9. f3 c6 10. Nc2 Be6 11. Kh1 Na6 12. Bg5 h6 13. Be3 d5 14. cxd5 cxd5 15. e5
Nd7 16. f4 Nb6 17. Nd4 Nc4 18. Bc1 Rc8 19. Nxe6 fxe6 20. Bd3 d4 21. Nb5 Qd5 22.
Bxc4 Rxc4 23. Nd6 Rd8 24. Nxc4 Qxc4 25. Bd2 Bf8 26. b3 Qd5 27. Qg4 Kf7 28. Rad1
Nb8 29. Qh4 h5 30. Qf6+ 1-0

[Event "1st Novi Sad it"]
[Site "Novi Sad"]
[Date "1972.11.02"]
[EventDate "1972.10.23"]
[Round "10.2"]
[White "Lengyel, Levente"]
[Black "Deze, Anton"]
[Result "1-0"]
[WhiteElo "2455"]
[BlackElo "2395"]
[PlyCount "73"]
[Source "Perpetual Check"]

1. d4 Nf6 2. c4 e6 3. g3 d5 4. Bg2 dxc4 5. Nf3 b5 6. a4 c6 7. O-O Bb7 8. b3
cxb3 9. Qxb3 a6 10. Nbd2 Be7 11. Ba3 O-O 12. Bxe7 Qxe7 13. e4 bxa4 14. Qb1 a5
15. e5 Nd5 16. Ne4 Na6 17. Rc1 Nab4 18. Bf1 Ba6 19. Bxa6 Rxa6 20. Rxa4 Rb8 21.
Nc5 Raa8 22. Qe4 Qd8 23. h4 h6 24. g4 Ne7 25. Nd2 Qd5 26. Nc4 Rb5 27. Nd6 Qxe4
28. Ncxe4 Rd5 29. Rc4 Nd3 30. Rc2 Rb8 31. Nc3 Ng6 32. Nxd5 cxd5 33. h5 Rb1+ 34.
Kh2 Ngf4 35. Rxa5 g5 36. Rc8+ Kg7 37. Ra7 1-0

[Event "1st Novi Sad it"]
[Site "Novi Sad"]
[Date "1972.11.02"]
[EventDate "1972.10.23"]
[Round "10.3"]
[White "Benko, Pal"]
[Black "Masic, Ljubomir"]
[Result "1-0"]
[WhiteElo "2515"]
[BlackElo "2390"]
[PlyCount "65"]
[Source "Perpetual Check"]

1. g3 c5 2. Bg2 g6 3. Nf3 Bg7 4. d4 cxd4 5. Nxd4 Nc6 6. Nb3 Nf6 7. Nc3 O-O 8.
e4 d6 9. h3 a5 10. a4 Be6 11. Nd5 Ne5 12. O-O Nxe4 13. Bxe4 Bxh3 14. Bg2 Bxg2
15. Kxg2 e6 16. Ne3 Qc7 17. Nd4 Rfd8 18. c3 h5 19. f4 Nc6 20. Nb5 Qb8 21. f5
exf5 22. Nd5 b6 23. Ndc7 Ne5 24. Qd5 Ra7 25. Nxa7 Qxc7 26. Bg5 Re8 27. Nb5 Qd7
28. Rad1 Ng4 29. Rfe1 Re5 30. Rxe5 Bxe5 31. Nxd6 Qxa4 32. Qxf7+ Kh8 33. Qe8+
1-0

[Event "1st Novi Sad it"]
[Site "Novi Sad"]
[Date "1972.11.02"]
[EventDate "1972.10.23"]
[Round "10.4"]
[White "Rakic, Tomislav"]
[Black "Radulov, Ivan"]
[Result "0-1"]
[WhiteElo "2440"]
[BlackElo "2490"]
[PlyCount "32"]
[Source "Perpetual Check"]

1. e4 c5 2. Nc3 Nc6 3. Nge2 d6 4. d4 cxd4 5. Nxd4 Nf6 6. Bc4 Qb6 7. Bb5 e5 8.
Nf5 Nxe4 9. Nxg7+ Bxg7 10. Nxe4 O-O 11. Nc3 d5 12. Bxc6 bxc6 13. Qh5 Ba6 14.
Nd1 f5 15. a4 f4 16. Ra3 Qb4+ 0-1

[Event "1st Novi Sad it"]
[Site "Novi Sad"]
[Date "1972.11.02"]
[EventDate "1972.10.23"]
[Round "10.6"]
[White "Planinc, Albin"]
[Black "Ivkov, Borislav"]
[Result "0-1"]
[WhiteElo "2520"]
[BlackElo "2520"]
[PlyCount "62"]
[Source "Perpetual Check"]

1. b3 c5 2. Bb2 Nc6 3. e3 Nf6 4. g4 h6 5. h4 d5 6. Bh3 d4 7. g5 Qd5 8. Rh2 hxg5
9. hxg5 Qxg5 10. Nf3 Qd5 11. Bxc8 Rxh2 12. Nxh2 Rxc8 13. Qe2 Qh5 14. Qxh5 Nxh5
15. f4 g6 16. Na3 Rd8 17. O-O-O Nb4 18. exd4 cxd4 19. Nb5 Nxf4 20. Kb1 Nc6 21.
Nf3 Ne6 22. Re1 a6 23. Na3 Bg7 24. Nc4 Rd5 25. d3 Rf5 26. Ncd2 Bh6 27. a3 Be3
28. Rh1 g5 29. Rh5 Nf4 30. Rh8+ Kd7 31. Ne4 Ng6 0-1

[Event "1st Novi Sad it"]
[Site "Novi Sad"]
[Date "1972.11.02"]
[EventDate "1972.10.23"]
[Round "10.8"]
[White "Byrne, Donald"]
[Black "Maric, Rudolf"]
[Result "1-0"]
[WhiteElo "2470"]
[BlackElo "2425"]
[PlyCount "81"]
[Source "Perpetual Check"]

1. g3 d5 2. Nf3 Nf6 3. Bg2 g6 4. b3 Bg7 5. Bb2 O-O 6. c4 c6 7. O-O Nbd7 8. Qc2
dxc4 9. bxc4 Nc5 10. d3 Re8 11. Nbd2 Bf5 12. Rab1 Qa5 13. Bd4 Bc8 14. Bc3 Qc7
15. Be5 Qa5 16. Nb3 Nxb3 17. axb3 Qb4 18. Ra1 Nd7 19. Ra4 Qb6 20. Bxg7 Kxg7 21.
b4 e5 22. Nd2 Nf6 23. c5 Qc7 24. Nc4 Bd7 25. Nd6 Re7 26. f4 Nd5 27. Qb2 f6 28.
fxe5 fxe5 29. e4 Nf6 30. d4 Ng4 31. Ra3 Nh6 32. d5 Kg8 33. Nc4 Qd8 34. Nxe5 Qe8
35. Raf3 Bf5 36. exf5 Rxe5 37. fxg6 Qe7 38. d6 Qg7 39. gxh7+ Kxh7 40. Rf6 Ng4
41. Rf7 1-0

[Event "1st Novi Sad it"]
[Site "Novi Sad"]
[Date "1972.11.03"]
[EventDate "1972.10.23"]
[Round "11.1"]
[White "Maric, Rudolf"]
[Black "Lein, Anatoly"]
[Result "1/2-1/2"]
[WhiteElo "2425"]
[BlackElo "2530"]
[PlyCount "26"]
[Source "Perpetual Check"]

1. e4 c6 2. d4 d5 3. Nc3 dxe4 4. Nxe4 Nd7 5. Nf3 Ngf6 6. Nxf6+ Nxf6 7. c3 Bg4
8. Be2 e6 9. O-O Be7 10. h3 Bxf3 11. Bxf3 O-O 12. Bg5 Nd5 13. Bxe7 Qxe7 1/2-1/2

[Event "1st Novi Sad it"]
[Site "Novi Sad"]
[Date "1972.11.03"]
[EventDate "1972.10.23"]
[Round "11.4"]
[White "Minev, Nikolai"]
[Black "Planinc, Albin"]
[Result "1/2-1/2"]
[WhiteElo "2430"]
[BlackElo "2520"]
[PlyCount "113"]
[Source "Perpetual Check"]

1. e4 g6 2. f4 Bg7 3. Nf3 d5 4. e5 c5 5. d4 Bg4 6. dxc5 Nc6 7. Nc3 d4 8. Ne4
Qd5 9. Bd3 f6 10. h3 Bf5 11. Qe2 fxe5 12. Nfg5 Nf6 13. Bc4 Qd7 14. g4 Bxe4 15.
Nxe4 Nd5 16. f5 O-O-O 17. fxg6 hxg6 18. Bd2 Ndb4 19. Bxb4 Nxb4 20. O-O-O Nd5
21. Bxd5 Qxd5 22. Kb1 Rhf8 23. Rhf1 Kb8 24. h4 Rf4 25. Rxf4 exf4 26. Ng5 e5 27.
Qe4 Qxe4 28. Nxe4 Rh8 29. Rh1 Kc7 30. Kc1 Kc6 31. Kd2 Bf8 32. Kd3 Bxc5 33. Nxc5
Kxc5 34. Ke4 Kd6 35. h5 gxh5 36. gxh5 Rh6 37. a4 Ke6 38. b4 f3 39. Kxf3 Kd5 40.
Rh4 Rf6+ 41. Ke2 Kc4 42. h6 Rf8 43. h7 Rh8 44. Kf3 Kc3 45. Rh2 d3 46. cxd3 Kxd3
47. Kf2 e4 48. Rh5 Kd4 49. Ke2 b6 50. b5 Kc3 51. Ke3 Kb4 52. Kxe4 Kxa4 53. Kd3
Kb4 54. Kd4 Ka4 55. Kc4 Rc8+ 56. Kd4 Rh8 57. Ke4 1/2-1/2

[Event "1st Novi Sad it"]
[Site "Novi Sad"]
[Date "1972.11.03"]
[EventDate "1972.10.23"]
[Round "11.6"]
[White "Masic, Ljubomir"]
[Black "Rakic, Tomislav"]
[Result "0-1"]
[WhiteElo "2390"]
[BlackElo "2440"]
[PlyCount "60"]
[Source "Perpetual Check"]

1. Nf3 g6 2. d4 Bg7 3. e4 d6 4. Be2 Nd7 5. O-O a6 6. c3 h6 7. Nbd2 e6 8. a4 Ne7
9. Ne1 O-O 10. f4 c5 11. dxc5 Nxc5 12. Nef3 e5 13. Nc4 Nxe4 14. fxe5 d5 15. Ne3
Be6 16. Nc2 Nc6 17. Be3 Nxe5 18. Nxe5 Bxe5 19. Qe1 Kg7 20. Nd4 Qe7 21. Bd3 f5
22. g3 Kh7 23. a5 Rae8 24. Nf3 Bd6 25. Bd4 f4 26. Bxe4 dxe4 27. Qxe4 fxg3 28.
Rae1 gxh2+ 29. Kh1 Bd5 30. Qxd5 Qxe1 0-1

[Event "1st Novi Sad it"]
[Site "Novi Sad"]
[Date "1972.11.03"]
[EventDate "1972.10.23"]
[Round "11.8"]
[White "Rossolimo, Nicolas"]
[Black "Lengyel, Levente"]
[Result "0-1"]
[WhiteElo "2450"]
[BlackElo "2455"]
[PlyCount "68"]
[Source "Perpetual Check"]

1. e4 c5 2. Nf3 e6 3. Nc3 a6 4. d4 cxd4 5. Nxd4 Qc7 6. Bd3 b5 7. a4 b4 8. Nce2
Bb7 9. Bf4 e5 10. Bg3 Nf6 11. Nf3 d6 12. Nd2 Nbd7 13. Bh4 Be7 14. Bxf6 Nxf6 15.
Ng3 g6 16. Qe2 O-O 17. h4 d5 18. h5 dxe4 19. Ndxe4 Nxe4 20. Bxe4 Bxe4 21. Qxe4
Rfd8 22. hxg6 hxg6 23. Nf5 Bg5 24. Ne3 Rac8 25. Rd1 Rxd1+ 26. Kxd1 Qd7+ 27. Ke2
Qd4 28. Qb7 Qc5 29. Qxa6 Bxe3 30. fxe3 Qxc2+ 31. Kf3 Qf5+ 32. Kg3 Qg5+ 33. Kf3
e4+ 34. Kxe4 Re8+ 0-1

[Event "1st Novi Sad it"]
[Site "Novi Sad"]
[Date "1972.11.05"]
[EventDate "1972.10.23"]
[Round "12.1"]
[White "Lein, Anatoly"]
[Black "Lengyel, Levente"]
[Result "1-0"]
[WhiteElo "2530"]
[BlackElo "2455"]
[PlyCount "80"]
[Source "Perpetual Check"]

1. e4 e5 2. Nf3 Nc6 3. Bb5 a6 4. Ba4 Nf6 5. O-O Be7 6. Re1 b5 7. Bb3 d6 8. c3
O-O 9. Bc2 Re8 10. d3 Bf8 11. Nbd2 d5 12. Qe2 Bb7 13. Nf1 h6 14. Ng3 g6 15. Bd2
Bg7 16. b4 Nb8 17. h4 h5 18. Bg5 Qc8 19. Bxf6 Bxf6 20. Bb3 c6 21. d4 Nd7 22. a4
exd4 23. cxd4 Qc7 24. Qd3 c5 25. bxc5 Nxc5 26. dxc5 Bxa1 27. Rxa1 dxe4 28. Qc2
bxa4 29. Ba2 Re7 30. Ng5 Qe5 31. Rd1 Rf8 32. c6 Bc8 33. N5xe4 Be6 34. Bxe6 Rxe6
35. Ng5 Re7 36. Qxa4 Rc8 37. Qxa6 Rec7 38. Qd3 Rxc6 39. Nxh5 Rc3 40. Qd8+ Qe8
1-0

[Event "1st Novi Sad it"]
[Site "Novi Sad"]
[Date "1972.11.05"]
[EventDate "1972.10.23"]
[Round "12.2"]
[White "Benko, Pal"]
[Black "Rossolimo, Nicolas"]
[Result "1/2-1/2"]
[WhiteElo "2515"]
[BlackElo "2450"]
[PlyCount "57"]
[Source "Perpetual Check"]

1. c4 e5 2. Nc3 Nf6 3. Nf3 Nc6 4. g3 Bc5 5. Bg2 d6 6. d3 a5 7. O-O O-O 8. a3 h6
9. e3 Bg4 10. h3 Bf5 11. b3 Re8 12. Bb2 Nh7 13. Nd5 Ng5 14. Nxg5 hxg5 15. Kh2
Qd7 16. Qd2 Ba7 17. g4 Be6 18. b4 Bb8 19. b5 Nd8 20. Kh1 Bxd5 21. cxd5 Qxb5 22.
f4 gxf4 23. exf4 f6 24. Rab1 Qa4 25. g5 Ba7 26. Rbe1 Bd4 27. Bxd4 Qxd4 28. Re4
Qc5 29. d4 1/2-1/2

[Event "1st Novi Sad it"]
[Site "Novi Sad"]
[Date "1972.11.05"]
[EventDate "1972.10.23"]
[Round "12.3"]
[White "Rakic, Tomislav"]
[Black "Deze, Anton"]
[Result "1/2-1/2"]
[WhiteElo "2440"]
[BlackElo "2395"]
[PlyCount "39"]
[Source "Perpetual Check"]

1. d4 Nf6 2. Nf3 c5 3. d5 g6 4. Nc3 Bg7 5. Bf4 d6 6. e3 O-O 7. Be2 Na6 8. O-O
Nc7 9. a4 b6 10. e4 Bb7 11. Bc4 a6 12. Qe2 Nh5 13. Bg5 h6 14. Be3 Rb8 15. Qd2
Kh7 16. g4 Nf6 17. g5 Qd7 18. h3 Qxh3 19. gxf6 Qxf3 20. fxg7 1/2-1/2

[Event "1st Novi Sad it"]
[Site "Novi Sad"]
[Date "1972.11.05"]
[EventDate "1972.10.23"]
[Round "12.5"]
[White "Planinc, Albin"]
[Black "Radulov, Ivan"]
[Result "0-1"]
[WhiteElo "2520"]
[BlackElo "2490"]
[PlyCount "86"]
[Source "Perpetual Check"]

1. e4 c5 2. Nf3 Nc6 3. d4 cxd4 4. Nxd4 Nf6 5. Nc3 d6 6. Bg5 Bd7 7. Qd2 Nxd4 8.
Qxd4 Qa5 9. Bd2 e5 10. Qd3 a6 11. Be2 Rc8 12. O-O Qb6 13. Rad1 Qd4 14. Bg5 Qxd3
15. Rxd3 Rxc3 16. bxc3 Nxe4 17. Bc1 Be7 18. c4 O-O 19. Ba3 Rc8 20. Bf3 f5 21.
Bxe4 fxe4 22. Rd2 Rxc4 23. Bxd6 Bg5 24. Rd5 Bc6 25. Rxe5 Bf6 26. Rc5 Ra4 27. a3
g6 28. c3 Kf7 29. Rd1 Ke6 30. h3 h5 31. c4 Bd7 32. Bf4 Bc6 33. Bd6 Kf7 34. Bf4
Bb2 35. Rd2 Bc3 36. Rd8 Rxa3 37. Bh6 Bf6 38. Rc8 Bd4 39. Rg5 e3 40. Rf8+ Ke7
41. Rf4 e2 42. Bf8+ Ke8 43. Bb4 Rc3 0-1

[Event "1st Novi Sad it"]
[Site "Novi Sad"]
[Date "1972.11.06"]
[EventDate "1972.10.23"]
[Round "13.2"]
[White "Ivkov, Borislav"]
[Black "Maric, Rudolf"]
[Result "1/2-1/2"]
[WhiteElo "2520"]
[BlackElo "2425"]
[PlyCount "31"]
[Source "Perpetual Check"]

1. c4 Nf6 2. Nc3 d5 3. d4 g6 4. Nf3 Bg7 5. e3 O-O 6. Bd2 c5 7. dxc5 Na6 8. cxd5
Nxc5 9. Bc4 Bf5 10. O-O Rc8 11. Qe2 Nfe4 12. Nd4 Nxd2 13. Qxd2 Ne4 14. Qe2 Nxc3
15. bxc3 Be4 16. Bb3 1/2-1/2

[Event "1st Novi Sad it"]
[Site "Novi Sad"]
[Date "1972.11.06"]
[EventDate "1972.10.23"]
[Round "13.3"]
[White "Minev, Nikolai"]
[Black "Byrne, Donald"]
[Result "1-0"]
[WhiteElo "2430"]
[BlackElo "2470"]
[PlyCount "101"]
[Source "Perpetual Check"]

1. d4 Nf6 2. c4 g6 3. Nc3 d5 4. Nf3 Bg7 5. e3 O-O 6. Bd2 Nc6 7. Rc1 Bg4 8. cxd5
Nxd5 9. h3 Nxc3 10. bxc3 Bf5 11. Be2 e5 12. O-O a6 13. Qb3 Rb8 14. Rfd1 e4 15.
Nh2 Re8 16. c4 h5 17. Kh1 Ne7 18. Bc3 c6 19. Qc2 b5 20. Rb1 Bd7 21. a4 Qc7 22.
Bb4 bxa4 23. Bc5 Nf5 24. Qxa4 a5 25. Nf1 Bf6 26. Kg1 Bh4 27. Qc2 Ra8 28. Bb6
Qd6 29. Ra1 Qf6 30. g3 Bg5 31. Rxa5 Rxa5 32. Bxa5 h4 33. g4 Ng7 34. Bc3 Qe7 35.
Rb1 Bc8 36. d5 cxd5 37. cxd5 Bf6 38. Bxf6 Qxf6 39. Rb8 Bd7 40. Rxe8+ Nxe8 41.
Qxe4 Qd6 42. Qd4 g5 43. Nd2 f5 44. gxf5 Bxf5 45. Bg4 Bxg4 46. Qxg4 Qxd5 47. Nf3
Kf8 48. Nxg5 Nd6 49. Qxh4 Qd1+ 50. Kh2 Qe2 51. Qh6+ 1-0